• 首页
  • 本馆介绍
  • 公告通知
  • 最新文献
  • 馆藏检索
  • 电子资源
  • 读者导购
  • 参考咨询
  • 我的图书馆
  • 登录
  • 详细信息显示
  • 放入我的书架
  • 预约/预借图书
  • 作者相关作品
  • 分类相关作品
  • 丛书相关作品
  • 出版社相关作品

书目信息

  • 表格格式
  • 工作单格式
  • 卡片格式
题名:
合同法学
    
 
作者: 苏号朋 编著
分册:  
出版信息: 北京   北京工业大学出版社  2008
页数: 436页
开本: 24cm
丛书名:
单 册:
中图分类: D923.61
科图分类:
主题词: 合同法--法的理论--中国--高等学校--教材 , 合同法 , 法的理论
电子资源:
ISBN: 978-7-5639-1979-6
000 00953nam0 2200265 450
001 2360683235
005 20231219165145.41
010    @a978-7-5639-1979-6@dCNY 45.00
100    @a20090224d2008 em y0chiy0120 ea
101 0  @achi
102    @aCN@b110000
105    @ay z 000yy
200 1  @a合同法学@Ahe tong fa xue@b专著@f苏号朋[等]编著
210    @a北京@c北京工业大学出版社@d2008
215    @a436页@d24cm
300    @a21世纪高等学校民商经济法规划教材
304    @a编著者还有:孙玉荣、曲宗洪、王晓慧
330    @a本书吸收了国内外法学界关于合同法的最新研究成果,紧密结合我国现行法律、法规,按照《合同法》的体例,对合同法的基础理论和基本制度进行系统深入的研究,详尽介绍了我国合同法的基本概念、规则和制度。
606 0  @a合同法@x法的理论@y中国@x高等学校@j教材
606 0  @a合同法
606 0  @a法的理论
690    @aD923.61@v5
701  0 @a苏号朋@Asu hao peng@f(1970.1~)@4编著
801  2 @aCN@b辽宁北配@c20231205
905    @aBZT@dD923.61@e3
    
    合同法学/苏号朋[等]编著.-北京:北京工业大学出版社,2008
    436页;24cm
    21世纪高等学校民商经济法规划教材
    
    ISBN 978-7-5639-1979-6:CNY 45.00
    本书吸收了国内外法学界关于合同法的最新研究成果,紧密结合我国现行法律、法规,按照《合同法》的体例,对合同法的基础理论和基本制度进行系统深入的研究,详尽介绍了我国合同法的基本概念、规则和制度。
●
相关链接 在五车中查询图书 在当当中查询图书 在豆瓣中查询图书


正题名:合同法学     索取号:D923.61/3         预约/预借

序号 登录号 条形码 馆藏地/架位号 状态 备注
1 2001624192   2001624192   辽三/辽宁北配(第三批)/2622/ [索取号:D923.61/3] 在馆    
2 2001624193   2001624193   辽三/辽宁北配(第三批)/2622/ [索取号:D923.61/3] 在馆    
3 2001624194   2001624194   辽三/辽宁北配(第三批)/2622/ [索取号:D923.61/3] 在馆    
4 2001624195   2001624195   辽三/辽宁北配(第三批)/2622/ [索取号:D923.61/3] 在馆    
5 2001624196   2001624196   辽三/辽宁北配(第三批)/2622/ [索取号:D923.61/3] 在馆    
6 2001624197   2001624197   辽三/辽宁北配(第三批)/2622/ [索取号:D923.61/3] 在馆    
7 2001624198   2001624198   辽三/辽宁北配(第三批)/2622/ [索取号:D923.61/3] 在馆    
8 2001624199   2001624199   辽三/辽宁北配(第三批)/2622/ [索取号:D923.61/3] 在馆    
9 2001624200   2001624200   辽三/辽宁北配(第三批)/2622/ [索取号:D923.61/3] 在馆    
10 2001624201   2001624201   辽三/辽宁北配(第三批)/2622/ [索取号:D923.61/3] 在馆    
11 2001624202   2001624202   辽三/辽宁北配(第三批)/2622/ [索取号:D923.61/3] 在馆    
12 2001624203   2001624203   辽三/辽宁北配(第三批)/2622/ [索取号:D923.61/3] 在馆    
13 2001624204   2001624204   辽三/辽宁北配(第三批)/2622/ [索取号:D923.61/3] 在馆    
14 2001624205   2001624205   辽三/辽宁北配(第三批)/2622/ [索取号:D923.61/3] 在馆    
15 2001628055   2001628055   辽三/辽宁北配(第三批)/2699/ [索取号:D923.61/3] 在馆    
16 2001628056   2001628056   辽三/辽宁北配(第三批)/2699/ [索取号:D923.61/3] 在馆    
17 2001628057   2001628057   辽三/辽宁北配(第三批)/2699/ [索取号:D923.61/3] 在馆    
18 2001628058   2001628058   辽三/辽宁北配(第三批)/2699/ [索取号:D923.61/3] 在馆    
19 2001628059   2001628059   辽三/辽宁北配(第三批)/2699/ [索取号:D923.61/3] 在馆    
20 2001628060   2001628060   辽三/辽宁北配(第三批)/2699/ [索取号:D923.61/3] 在馆    
21 2001628061   2001628061   辽三/辽宁北配(第三批)/2699/ [索取号:D923.61/3] 在馆    
22 2001628062   2001628062   辽三/辽宁北配(第三批)/2699/ [索取号:D923.61/3] 在馆    
23 2001628063   2001628063   辽三/辽宁北配(第三批)/2699/ [索取号:D923.61/3] 在馆    
24 2001628064   2001628064   辽三/辽宁北配(第三批)/2699/ [索取号:D923.61/3] 在馆    
25 2001628065   2001628065   辽三/辽宁北配(第三批)/2699/ [索取号:D923.61/3] 在馆    
26 2001628066   2001628066   辽三/辽宁北配(第三批)/2699/ [索取号:D923.61/3] 在馆    
山东省滨州职业学院图书馆 欢迎您!
大连网信软件有限公司© 版权所有